| 000 | 00676nam a2200217 a 4500 | ||
|---|---|---|---|
| 005 | 20140310183509.0 | ||
| 008 | 101020s19uu xx 00 eng d | ||
| 020 | _a9782888930501 | ||
| 050 |
_aNC 997 _b.K55 2010 |
||
| 100 | _aKnight, Carolyn | ||
| 245 |
_aThe graphic design exercise book : _bcreative briefs to enhance your skills and develop your portfolio / _cCarolyn Knight |
||
| 260 |
_aSwitzerland : _bRotoVision Book, _c2010. |
||
| 300 |
_a256 p. : _bcol. ill. ; _c24 cm. |
||
| 521 | _aMA | ||
| 650 | _aAdobe photoshop. | ||
| 650 | _aComputer graphics. | ||
| 650 |
_aWeb sites _xDesign. |
||
| 700 | _aGlaser, Jessica | ||
| 942 |
_cBK _2lcc _kFOR |
||
| 999 |
_c24119 _d24119 |
||